| 000 | 02125 a2200253 4500 | ||
|---|---|---|---|
| 999 |
_c10727 _d10727 |
||
| 020 | _a9781496346759 (paperback) | ||
| 050 | 0 | 0 |
_aQM451 _b.SNE 2019 |
| 100 | 1 |
_aSplittgerber, Ryan, _eauthor. |
|
| 245 | 1 | 0 |
_aSnell's clinical neuroanatomy / _cRyan Splittgerber. |
| 250 | _aEighth edition. | ||
| 264 | 1 |
_aPhiladelphia : _bWolters Kluwer, _c2019 |
|
| 300 |
_axxvi, 527 pages : _billustrations ; |
||
| 336 |
_atext _2rdacontent |
||
| 337 |
_aunmediated _2rdamedia |
||
| 338 |
_avolume _2rdacarrier |
||
| 500 | _aPreceded by: Clinical neuroanatomy / Richard S. Snell. 7th ed. Philadelphia : Wolters Kluwer Lippincott Williams & Wilkins, c2010. | ||
| 504 | _aIncludes index. | ||
| 505 | _a Introduction and organization of the nervous system Neurons and neuroglia Nerve fibers and peripheral innervation Spinal cord and ascending, descending, and intersegmental tracts Brainstem Cerebellum and its connections Cerebrum The structure and functional localization of the cerebral cortex Reticular formation and limbic system Basal nuclei (Basal Ganglia) Cranial nerve nuclei Thalamus Hypothalamus Autonomic nervous system Meninges Ventricular system and cerebrospinal fluid Blood supply of the brain and spinal cord Nervous system development Appendix: Neuroanatomical data of clinical significance and clinical neuroanatomy techniques | ||
| 520 | _a"This book contains the basic neuroanatomical facts necessary for the practice of medicine. It is suitable for medical students, dental students, nurses, and allied health students. Residents find this book useful during their rotations. The functional organization of the nervous system has been emphasized and indicates how injury and disease can result in neurologic deficits. The amount of factual information has been strictly limited to that which is clinically important"--Provided by publisher. | ||
| 650 | 1 | 2 |
_aNervous System _xanatomy & histology |
| 700 | 1 |
_aSnell, Richard S. _tClinical neuroanatomy. _iPreceded by (work): _d1925-2015 |
|
| 942 |
_2lcc _cBK _h451 _iSNE _kQM |
||